| Поле | Инд. | ПП | Название | Значение |
|---|---|---|---|---|
| Тип записи | a | |||
| Библиографический уровень | m | |||
| 001 | Контрольный номер | b1049ac3-b774-4977-8c52-a63ca2f5cc8e | ||
| 005 | Дата корректировки | 20140226194025.9 | ||
| 008 | Кодируемые данные | 981026 d | ||
| 020 | a | ISBN | 5-7507-0886-1 | |
| c | Цена, тираж | 8000.00 | ||
| 040 | a | Служба первич. каталог. | НБ ТвГУ | |
| 041 | a | Код языка текста | rus | |
| 080 | a | Индекс УДК | 612.82:007 | |
| 084 | a | Индекс другой классификации/Индекс ББК | Е991.013 | |
| 090 | c | Каталожный индекс | Е991.013 | |
| x | Авторский знак | Ч-75 | ||
| a | Полочн. индекс | Е991.0 | ||
| 100 | 1_ | a | Автор | Чораян Ованес Григорьевич |
| 245 | 0_ | a | Заглавие | Кибернетика нервной системы (основы, принципы, проблемы) |
| c | Ответственность | Отв. ред. Г.А. Кураев; Акад. естеств. наук Рос. Федерации. Сев.-Кавк. НЦ высш. шк. Рос. гос. ун-т | ||
| c | Ответственность | Акад. естеств. наук Рос. Федерации | ||
| c | Ответственность | Сев.-Кавк. НЦ высш. шк. | ||
| c | Ответственность | Рост. гос. ун-т | ||
| 260 | 0_ | a | Место издания | Ростов н/Д |
| b | Издательство | Ростовский гос. ун-т | ||
| c | Дата издания | 1995 | ||
| 300 | a | Объем | 140,[1] с. | |
| b | Иллюстрации/ тип воспроизводства | ил. | ||
| 500 | a | Примечание | Библиогр.: с.128-139. | |
| 650 | a | Основная рубрика | Нейрокибернетика | |
| 650 | a | Основная рубрика | Нервная система | |
| 653 | a | Ключевые слова | Кибернетика | |
| a | Ключевые слова | Нервная система | ||
| a | Ключевые слова | Центральная нервная система | ||
| a | Ключевые слова | Нейрокибернетика | ||
| 700 | 1_ | a | Другие авторы | Кураев Г А |
| e | Роль лиц | отв. ред. | ||
| 852 | t | Порядковый номер экземпляра | 1 | |
| p | Инвентарный номер | 678202 | ||
| p | Инвентарный номер | 678203 | ||
| 954 | a | Дата поступления на обработку | 19980303 | |
| 999 | a | Подразделение 2 | Фил3 |